Study Writing: (Record no. 325899)
[ view plain ]
| 000 -LEADER | |
|---|---|
| fixed length control field | 00488nam a2200169Ia 4500 |
| 008 - FIXED-LENGTH DATA ELEMENTS--GENERAL INFORMATION | |
| fixed length control field | 230718s9999 xx 000 0 und d |
| 041 ## - LANGUAGE CODE | |
| Language code of text/sound track or separate title | eng |
| 082 ## - DEWEY DECIMAL CLASSIFICATION NUMBER | |
| Classification number | 428.0076 |
| Item number | HAM |
| 100 ## - MAIN ENTRY--PERSONAL NAME | |
| Personal name | Hamp-Lyons L. |
| 245 ## - TITLE STATEMENT | |
| Title | Study Writing: |
| Remainder of title | A Course In Writing Skills For Academic Purposes |
| 250 ## - EDITION STATEMENT | |
| Edition statement | 2nd Ed. |
| 260 ## - PUBLICATION, DISTRIBUTION, ETC. (IMPRINT) | |
| Date of publication, distribution, etc. | 2008 |
| Name of publisher, distributor, etc. | Cambridge University Press |
| 300 ## - PHYSICAL DESCRIPTION | |
| Extent | 213 |
| 365 ## - TRADE PRICE | |
| Currency code | Rs. |
| Price amount | 210.00 |
| 700 ## - ADDED ENTRY--PERSONAL NAME | |
| Personal name | Hamp-Lyons L. |
| 906 ## - LOCAL DATA ELEMENT F, LDF (RLIN) | |
| d | O:0112527-Sep-2010B:535710-Sep-2010 |
| c | GENRL |
| b | 157.5 |
| Withdrawn status | Lost status | Damaged status | Not for loan | Home library | Current library | Date acquired | Vendor | Budget Code | Cost, normal purchase price | Bill number | Total Checkouts | Full call number | Barcode | Date last seen | Discount | Cost, replacement price | Bill Date | Koha item type | Original Barcode |
|---|---|---|---|---|---|---|---|---|---|---|---|---|---|---|---|---|---|---|---|
| Cummins College of Engineering for Women Pune | Cummins College of Engineering for Women Pune | 27/09/2010 | Tbs | GENRL | 157.50 | 5357 | 428.0076 | CCEP-BK-37106 | 18/07/2023 | 157.5 | 210.00 | 10/09/2010 | Books | 037106 |